Vista normal
Vista MARC
Entrada Nombre Corporativo
Número de registros utilizados en: 6
001 - NUMERO DE CONTROL
- control field: 27254
003 - CONTROL NUMBER IDENTIFIER
- control field: AR-RoUNA
005 - FECHA Y HORA DE LA ÚLTIMA TRANSACCIÓN
- control field: 20250613132759.0
008 - ELEMENTOS DE DATOS DE LONGITUD FIJA
- fixed length control field: 250613|| aca||aabn | a|a d
010 ## - NÚMERO DE CONTROL DE LA BIBLIOTECA DEL CONGRESO
- LC control number: nr 94017145
040 ## - FUENTE DE CATALOGACIÓN
- Original cataloging agency: AR-RoUNA
110 2# - NOMBRE CORPORATIVO
- Nombre corporativo: Sauerbruch Hutton Architects
410 2# - SEE FROM TRACING--CORPORATE NAME
- Corporate name or jurisdiction name as entry element: Matthias Sauerbruch and Louisa Hutton (Firm)
410 2# - SEE FROM TRACING--CORPORATE NAME
- Corporate name or jurisdiction name as entry element: Matthias Sauerbruch und Louisa Hutton (Firm)
410 2# - SEE FROM TRACING--CORPORATE NAME
- Corporate name or jurisdiction name as entry element: Sauerbruch/Hutton Architekten
410 2# - SEE FROM TRACING--CORPORATE NAME
- Corporate name or jurisdiction name as entry element: Sauerbruch and Hutton
410 2# - SEE FROM TRACING--CORPORATE NAME
- Corporate name or jurisdiction name as entry element: Sauerbruch und Hutton
410 2# - SEE FROM TRACING--CORPORATE NAME
- Corporate name or jurisdiction name as entry element: Hutton and Sauerbruch
410 2# - SEE FROM TRACING--CORPORATE NAME
- Corporate name or jurisdiction name as entry element: LHMS Architects